La santa unción de los enfermos: historia, teología, pastoral
Gespeichert in:
| 1. Verfasser: | |
|---|---|
| Format: | Buch |
| Sprache: | Spanisch |
| Veröffentlicht: |
Barcelona
Centre de Pastoral Litúrgica
2010
|
| Ausgabe: | 1a. ed |
| Schriftenreihe: | Cuadernos Phase, 193
|
| Schlagworte: | |
| Tags: |
Tag hinzufügen
Keine Tags, Fügen Sie den ersten Tag hinzu!
|
MARC
| LEADER | 00000cam a2200000 a 4500 | ||
|---|---|---|---|
| 001 | UCC0122 | ||
| 003 | CL-VaPUC | ||
| 008 | 170721e20100000sp |||||||||||||||||spa|d | ||
| 020 | |a 9788498054026 | ||
| 082 | 0 | 4 | |a 265.7 |b FER |2 21 |
| 100 | 0 | |a Fernández Rodríguez, José Manuel |e author |9 594042 | |
| 245 | 1 | 3 | |a La santa unción de los enfermos: historia, teología, pastoral |
| 250 | |a 1a. ed | ||
| 300 | |a 96 p | ||
| 942 | |c BK | ||
| 945 | |d 20170721 23:47:00 |a dcastane | ||
| 260 | |a Barcelona |b Centre de Pastoral Litúrgica |c 2010 | ||
| 650 | 7 | |a UNCION DE LOS ENFERMOS |2 CL-VaPUC |9 399341 | |
| 650 | 7 | |a RITOS |2 CL-VaPUC |9 337654 | |
| 650 | 0 | |a Sacramentos |9 257270 | |
| 583 | |a last modification |c 20170721 23:47:00 |k Rodrigo Vera | ||
| 490 | 0 | |a Cuadernos Phase, 193 | |
| 999 | |c 369066 |d 369064 | ||
| 952 | |0 0 |1 0 |3 erb |4 0 |6 265_700000000000000_FER_2010 |7 0 |8 A |9 484612 |a BIBTEO |b BIBTEO |i 5410169 |o 265.7 FER 2010 |p 5410169 |r 2025-01-17 |w 2019-11-24 |y BK |z Catalogado en:20170721 |k ICR | ||